| 000 | 00547nam a2200169Ia 4500 | ||
|---|---|---|---|
| 008 | 090711s9999 xx 000 0 und d | ||
| 082 | _b68458 | ||
| 100 | _aघायलोद प्र. बा. | ||
| 245 | _aरहदारी व आपण | ||
| 260 |
_bराज पब्लिकेशन्स _c1987 |
||
| 300 | _a44 | ||
| 600 | _aघायलोद प्र. बा. | ||
| 630 | _aरहदारी व आपण | ||
| 700 | _aघायलोद प्र. बा. | ||
| 730 | _aरहदारी व आपण | ||
| 942 | _cBOOK | ||
| 999 |
_c290346 _d290346 |
||